| 000 | 01369cam a22002054a 4500 | ||
|---|---|---|---|
| 005 | 20250605163526.0 | ||
| 008 | 250528s ||||||||||||||||||||||||d | ||
| 035 | _a21069 | ||
| 020 | _a9789600325607 | ||
| 040 |
_aGR-AtMCL _bgre _dGR-AtMCL _eAACR2 |
||
| 245 | 1 | _aΨυχολογία της Καθημερινής Ζωής / Η Κουλτούρα του Εφήμερου | |
| 250 | _a3η | ||
| 260 |
_bΚαστανιώτη, _c1999 |
||
| 300 | _a304 | ||
| 520 | _aΚείμενα που σχολιάζουν την καθημερινότητα και αναφέρονται σε ''κάτι που συνέβη''. Αντί Προλόγου, Για την Κουλτούρα και τον Πολιτισμό, Ψυχολογία εν Καιρώ Πολέμου, Τηλεόραση: Η Εικόνα και η Αρπαγή της Ψυχής, Ο Έρωτας και ο Θάνατος Σβήνουν στο Γυαλί, Γυναίκες, Ο Περι Ψυχής Λόγος, Εφηβείας Πάθη, Η Παθολογία του Φυσιολογικού, Βία: Οι Ορατές και οι Αόρατες Πτυχές της, Η Τέχνη που Σώζει, Λίγο Πριν το Γύρισμα του Αιώνα - Η Πονηρία του Παρελθόντος. | ||
| 700 | 1 | _aΤσαλίκογλου Φωτεινή | |
| 942 | _cBK | ||
| 999 |
_c6140 _d6140 |
||